书目信息 |
| 题名: |
可拓创新思维及训练
|
|
| 作者: | 李兴森 , 张玲玲 主编 | |
| 分册: | ||
| 出版信息: | 北京 机械工业出版社 2024.07 |
|
| 页数: | 10,209页 | |
| 开本: | 24cm | |
| 丛书名: | ||
| 单 册: | ||
| 中图分类: | B804.4-43 | |
| 科图分类: | ||
| 主题词: | 创造性思维--思维训练--高等学校--教材 | |
| 电子资源: | ||
| ISBN: | 978-7-111-75953-9 | |
| 000 | 01128nam0 2200277 450 | |
| 001 | 013119839 | |
| 005 | 20251022153615.14 | |
| 010 | @a978-7-111-75953-9@dCNY49.00 | |
| 100 | @a20240909d2024 em y0chiy0120 ea | |
| 101 | 0 | @achi |
| 102 | @aCN@b110000 | |
| 105 | @aa z 000yy | |
| 106 | @ar | |
| 200 | 1 | @a可拓创新思维及训练@9ke ta chuang xin si wei ji xun lian@dTwo things make a company great, ideas and the people who have them@f李兴森,张玲玲主编@zeng |
| 205 | @a2版 | |
| 210 | @a北京@c机械工业出版社@d2024.07 | |
| 215 | @a10,209页@c图,照片@d24cm | |
| 300 | @a全国大学生创新创业通识教育新业态实训教材 | |
| 330 | @a本书阐述可拓创新思维的原理、方法及其实践应用,反映了近30年来可拓学与创新方法交叉研究的进展,并根据创新思维培养的发展趋势对一些传统内容做作了取舍。 | |
| 510 | 1 | @aTwo things make a company great, ideas and the people who have them@zeng |
| 606 | 0 | @a创造性思维@x思维训练@x高等学校@j教材 |
| 690 | @aB804.4-43@v5 | |
| 701 | 0 | @a李兴森@9li xing sen@f(1969-)@4主编 |
| 701 | 0 | @a张玲玲@9zhang ling ling@c(女)@4主编 |
| 801 | 0 | @aCN@c20250909 |
| 905 | @a河南城建学院图书馆@dB804.4@eL306=2@ZL306=2@f1 | |
| 可拓创新思维及训练=Two things make a company great, ideas and the people who have them/李兴森,张玲玲主编.-2版.-北京:机械工业出版社,2024.07 |
| 10,209页:图,照片;24cm |
| 全国大学生创新创业通识教育新业态实训教材 |
| ISBN 978-7-111-75953-9:CNY49.00 |
| 本书阐述可拓创新思维的原理、方法及其实践应用,反映了近30年来可拓学与创新方法交叉研究的进展,并根据创新思维培养的发展趋势对一些传统内容做作了取舍。 |
| ● |
| 相关链接 |
|
|
|
正题名:可拓创新思维及训练
索取号:B804.4/L306=2
 
预约/预借
| 序号 | 登录号 | 条形码 | 馆藏地/架位号 | 状态 | 备注 |
| 1 | 1632971 | 216329710 | 社科库509/509社科库 19排4列5层/ [索取号:B804.4/L306=2] | 在馆 |